[Event "British Chess Championships 2023: "]
[Site "The Venue, De Montfort University, 20 Western Boulevard, Leicester, LE2 7BU"]
[Date "2023.07.22"]
[Round "2"]
[Board "22"]
[White "Woolf, Ben"]
[Black "Walia, Michael Kanishk"]
[Result "1/2-1/2"]
[WhiteElo "1630"]
[BlackElo "1462"]
[PlyCount "88"]
[EventDate "2023.07.21"]
[EventRounds "5"]
[EventCountry "ENG"]

1. e4 e6 2. b3 d5 3. Bb2 Nf6 4. e5 Nfd7 5. Nf3 a6 6. g3 c5 7. Bg2 Nc6 8. O-O Be7
9. Re1 O-O 10. d3 b5 11. Nbd2 Bb7 12. c3 Qc7 13. d4 Rfc8 14. Rc1 Qb6 15. Nf1 cxd4
16. cxd4 Nb4 17. a3 Rxc1 18. Bxc1 Nc6 19. h4 Rc8 20. Bb2 Qa5 21. b4 Qd8 22. Qd2 Nb6
23. Ne3 Nb8 24. Rc1 N8d7 25. Ne1 Rc7 26. Nd3 Rxc1+ 27. Qxc1 Na4 28. Nc5 Bxc5 29.
bxc5 Nb8 30. Nc2 Nc6 31. Nb4 Nxb2 32. Qxb2 Qa5 33. Bf1 Qa4 34. Nxc6 Bxc6 35. Qb4
Qxb4 36. axb4 Kf8 37. Bd3 h6 38. f4 g6 39. g4 Kg7 40. Kf2 Bd7 41. Ke3 Bc6 42. f5
Bd7 43. fxe6 fxe6 44. Kf4 Bc6  1/2-1/2

[Event "British Chess Championships 2023: "]
[Site "The Venue, De Montfort University, 20 Western Boulevard, Leicester, LE2 7BU"]
[Date "2023.07.22"]
[Round "2"]
[Board "23"]
[White "Skelton, Jason"]
[Black "Blackburn, Sandra G"]
[Result "1/2-1/2"]
[WhiteElo "1456"]
[BlackElo "1621"]
[PlyCount "104"]
[EventDate "2023.07.21"]
[EventRounds "5"]
[EventCountry "ENG"]

1. d4 d5 2. c4 e6 3. Nf3 Nf6 4. Nc3 Be7 5. Bg5 c6 6. e3 Nbd7 7. Rc1 Ne4 8. Bxe7 Qxe7
9. Bd3 f5 10. O-O O-O 11. Qe2 Ndf6 12. Ne5 Nxc3 13. Rxc3 Ne4 14. Bxe4 fxe4 15. c5
Bd7 16. Rb3 Rab8 17. Ra3 a6 18. Rb3 Be8 19. f3 exf3 20. Rxf3 Rxf3 21. Qxf3 Qg5 22.
Qg4 Qxg4 23. Nxg4 Kf7 24. Ne5+ Kf6 25. Kf2 Kf5 26. Kf3 Kg5 27. g3 h5 28. h4+ Kh6
29. Kg2 g5 30. hxg5+ Kxg5 31. a4 Bg6 32. Nxc6 Be4+ 33. Kg1 Rf8 34. Ne5 Bc2 35. Rxb7
Bxa4 36. Rb6 Bb5 37. Rxe6 Rf1+ 38. Kg2 Rb1 39. b4 Rb2+ 40. Kg1 Rb1+ 41. Kf2 Rb2+
42. Ke1 Re2+ 43. Kd1 Rg2 44. c6 Ba4+ 45. Ke1 Kf5 46. Re8 Rc2 47. Rf8+ Ke4 48. Rf2
Rc1+ 49. Ke2 Rc2+ 50. Ke1 Rc1+ 51. Kd2 Rc2+ 52. Ke1 Rc1+  1/2-1/2

[Event "British Chess Championships 2023: "]
[Site "The Venue, De Montfort University, 20 Western Boulevard, Leicester, LE2 7BU"]
[Date "2023.07.22"]
[Round "2"]
[Board "24"]
[White "Usher, Frank"]
[Black "Sargeant, Christopher"]
[Result "1/2-1/2"]
[WhiteElo "1570"]
[BlackElo "1714"]
[PlyCount "125"]
[EventDate "2023.07.21"]
[EventRounds "5"]
[EventCountry "ENG"]

1. e4 e5 2. Nf3 Nc6 3. Bc4 Bc5 4. O-O Nf6 5. Nc3 d6 6. h3 a6 7. Re1 b5 8. Bf1 Be6
9. d3 Nd7 10. Be3 O-O 11. d4 exd4 12. Nxd4 Nxd4 13. Bxd4 Qg5 14. Re3 Bxd4 15. Qxd4
Qe5 16. Rd1 Qxd4 17. Rxd4 f5 18. exf5 Bxf5 19. Bd3 Bxd3 20. cxd3 Nf6 21. Nd5 Nxd5
22. Rxd5 Rae8 23. Re4 Rxe4 24. dxe4 Kf7 25. Rf5+ Ke7 26. Rxf8 Kxf8 27. Kf1 Ke7 28.
Ke2 g5 29. Kd3 Ke6 30. g3 Ke5 31. Ke3 c5 32. f4+ gxf4+ 33. gxf4+ Kf6 34. Kd3 a5 35.
a4 b4 36. Kc4 Ke6 37. Kb5 d5 38. exd5+ Kxd5 39. Kxa5 b3 40. Kb6 c4 41. a5 c3 42.
a6 cxb2 43. a7 b1=Q 44. a8=Q+ Kd4 45. Qa4+ Kc3 46. Qc6+ Kb2 47. Qf3 Qg6+ 48. Kc5
Qf5+ 49. Kb4 Qf8+ 50. Kc4 Qf7+ 51. Kb4 Qe7+ 52. Kc4 Qe6+ 53. Kb4 Qd6+ 54. Kc4 Qc7+
55. Kb4 Qc2 56. f5 Qd2+ 57. Kc4 Qc1+ 58. Kb4 Qe1+ 59. Kc4 Qh4+ 60. Kc5 Qe7+ 61. Kc4
Qc7+ 62. Kb4 Qe7+ 63. Kc4  1/2-1/2

[Event "British Chess Championships 2023: "]
[Site "The Venue, De Montfort University, 20 Western Boulevard, Leicester, LE2 7BU"]
[Date "2023.07.22"]
[Round "2"]
[Board "25"]
[White "Lambert, Martin"]
[Black "Morris, Nigel W"]
[Result "1-0"]
[WhiteElo "1694"]
[BlackElo "1596"]
[PlyCount "73"]
[EventDate "2023.07.21"]
[EventRounds "5"]
[EventCountry "ENG"]

1. e4 c5 2. c3 Nf6 3. e5 Nd5 4. Bc4 Nb6 5. Bb3 Nc6 6. Nf3 e6 7. d4 cxd4 8. cxd4 d5
9. O-O Be7 10. Nc3 a6 11. Qe2 Bd7 12. Be3 Na5 13. Bc2 Nac4 14. Bd3 Nxe3 15. fxe3
Rc8 16. Rac1 Nc4 17. e4 Nb6 18. exd5 exd5 19. Qf2 O-O 20. h4 Bg4 21. g3 Nc4 22. Nh2
Nxe5 23. Bxh7+ Kh8 24. Nxg4 Nxg4 25. Qf3 Nf6 26. Bc2 g6 27. Bb3 Ne4 28. Nxe4 dxe4
29. Qxe4 Rxc1 30. Rxc1 Bf6 31. Rd1 b5 32. h5 Qd6 33. Kg2 Bg7 34. hxg6 Bf6 35. gxf7
Qe7 36. Rh1+ Kg7 37. Qh7#  1-0

[Event "British Chess Championships 2023: "]
[Site "The Venue, De Montfort University, 20 Western Boulevard, Leicester, LE2 7BU"]
[Date "2023.07.22"]
[Round "2"]
[Board "26"]
[White "Mccormick, Graeme S"]
[Black "Jones, Dixon H"]
[Result "1-0"]
[WhiteElo "1523"]
[BlackElo "1688"]
[PlyCount "77"]
[EventDate "2023.07.21"]
[EventRounds "5"]
[EventCountry "ENG"]

1. e4 e6 2. g3 c5 3. Bg2 Be7 4. Nc3 Bf6 5. Nge2 Ne7 6. f4 Bd4 7. Nxd4 cxd4 8. Ne2
Nbc6 9. d3 O-O 10. O-O d6 11. Kh1 Bd7 12. c3 e5 13. f5 f6 14. g4 Qe8 15. Ng3 d5 16.
Nh5 g6 17. fxg6 Qxg6 18. h3 dxe4 19. dxe4 Kh8 20. Qf3 Ng8 21. Bd2 Rad8 22. Be1 Rf7
23. Bh4 Rdf8 24. Rf2 f5 25. exf5 Bxf5 26. gxf5 Rxf5 27. Qe2 Qxh5 28. Qxh5 Rxh5 29.
Rxf8 Rxh4 30. Raf1 d3 31. Kh2 e4 32. Re8 Nce7 33. Rd1 e3 34. Rxd3 e2 35. Re3 Kg7
36. Rxe2 Kf7 37. Rb8 b6 38. Rb7 Rh5 39. Rxa7  1-0

[Event "British Chess Championships 2023: "]
[Site "The Venue, De Montfort University, 20 Western Boulevard, Leicester, LE2 7BU"]
[Date "2023.07.22"]
[Round "2"]
[Board "27"]
[White "Clare, Steve"]
[Black "Ananyev, Miron"]
[Result "1-0"]
[WhiteElo "1684"]
[BlackElo "1525"]
[PlyCount "49"]
[EventDate "2023.07.21"]
[EventRounds "5"]
[EventCountry "ENG"]

1. e4 c5 2. d4 cxd4 3. c3 dxc3 4. Nxc3 e5 5. Nf3 Nc6 6. Bc4 Be7 7. O-O h6 8. Qd5
Qc7 9. Qxf7+ Kd8 10. Qxg7 Nd4 11. Bxg8 Nxf3+ 12. gxf3 Qd6 13. Qxh8 Qb6 14. Bb3+ Kc7
15. Nd5+ Kd6 16. Nxb6 axb6 17. Rd1+ Kc7 18. Qxe5+ Kd8 19. Be3 Ra6 20. Rac1 d6 21.
Qh8+ Bf8 22. Qxf8+ Kd7 23. Qxc8+ Ke7 24. Qe6+ Kf8 25. Qf7#  1-0

[Event "British Chess Championships 2023: "]
[Site "The Venue, De Montfort University, 20 Western Boulevard, Leicester, LE2 7BU"]
[Date "2023.07.22"]
[Round "2"]
[Board "28"]
[White "Meredith, Daniel"]
[Black "Lightfoot, David"]
[Result "1-0"]
[WhiteElo "1681"]
[BlackElo "1523"]
[PlyCount "71"]
[EventDate "2023.07.21"]
[EventRounds "5"]
[EventCountry "ENG"]

1. e4 c5 2. d4 cxd4 3. c3 e5 4. Nf3 Nc6 5. Bc4 Nge7 6. Ng5 d5 7. exd5 Nxd5 8. Nxf7
Kxf7 9. Qf3+ Ke8 10. Bxd5 Qc7 11. O-O Bd6 12. Qe2 Rf8 13. Bg5 Bf5 14. Bxc6+ bxc6
15. cxd4 Kd7 16. dxe5 Bxe5 17. Rd1+ Kc8 18. Nc3 Kb7 19. Kh1 Rae8 20. Qc4 Be6 21.
Qb4+ Ka8 22. Ne4 Bxh2 23. Nc5 Bf5 24. g3 Re2 25. Na6 Qc8 26. Nc7+ Qxc7 27. Qxf8+
Bc8 28. Bf4 Qb7 29. Kxh2 c5 30. Be3 Rxb2 31. Rd8 Rxf2+ 32. Bxf2 Kb8 33. Rxc8+ Qxc8
34. Qxc8+ Kxc8 35. Bxc5 a6 36. Rb1  1-0

[Event "British Chess Championships 2023: "]
[Site "The Venue, De Montfort University, 20 Western Boulevard, Leicester, LE2 7BU"]
[Date "2023.07.22"]
[Round "2"]
[Board "29"]
[White "Oliveri, Omar"]
[Black "White, Nicholas E"]
[Result "0-1"]
[WhiteElo "1664"]
[BlackElo "1511"]
[PlyCount "52"]
[EventDate "2023.07.21"]
[EventRounds "5"]
[EventCountry "ENG"]

1. e4 c6 2. d4 d5 3. Nd2 c5 4. c3 Nc6 5. exd5 Qxd5 6. Ndf3 Bg4 7. Bb5 Nf6 8. Qa4
Bd7 9. Ne2 e5 10. dxe5 Nxe5 11. Bxd7+ Nexd7 12. O-O Be7 13. Ng3 O-O 14. Bf4 Nb6 15.
Qc2 Rfe8 16. Rfe1 Qc4 17. Bg5 Rad8 18. Nf5 Nbd5 19. Nxe7+ Rxe7 20. Rxe7 Nxe7 21.
Bxf6 gxf6 22. Nd2 Qe2 23. Rd1 Nc6 24. g3 Ne5 25. Kg2 Ng4 26. Qf5 Ne3+  0-1

[Event "British Chess Championships 2023: "]
[Site "The Venue, De Montfort University, 20 Western Boulevard, Leicester, LE2 7BU"]
[Date "2023.07.22"]
[Round "2"]
[Board "30"]
[White "Fleischer, Jeff H"]
[Black "Welson, Aaron"]
[Result "0-1"]
[WhiteElo "1481"]
[BlackElo "1636"]
[PlyCount "122"]
[EventDate "2023.07.21"]
[EventRounds "5"]
[EventCountry "ENG"]

1. d4 Nf6 2. c4 c5 3. Nf3 e6 4. a3 b5 5. cxb5 a6 6. bxa6 d5 7. e3 Nxa6 8. Bb5+ Bd7
9. Bxd7+ Nxd7 10. O-O Qb6 11. Nc3 c4 12. e4 dxe4 13. Nxe4 Nb4 14. Be3 Nd5 15. Qc2
Rc8 16. Rab1 f5 17. Nc3 Nxe3 18. fxe3 Be7 19. Qd2 O-O 20. Ne2 Rfd8 21. Qc3 Nf6 22.
Nf4 Ne4 23. Qe1 g5 24. Ne2 g4 25. Nd2 Ng5 26. Ng3 Bf6 27. Kh1 Kf7 28. Nh5 Rh8 29.
Nxf6 Kxf6 30. Qh4 Kg6 31. Qg3 h5 32. Qe5 Rhd8 33. e4 Qxd4 34. exf5+ Kh6 35. Qxd4
Rxd4 36. Rf2 exf5 37. Re1 Kg6 38. Nf1 Ne4 39. Rfe2 Rcd8 40. Ng3 Rd2 41. Rxd2 Nxg3+
42. hxg3 Rxd2 43. Rc1 Rxb2 44. Rxc4 Rb3 45. a4 Rxg3 46. a5 Ra3 47. Rc5 g3 48. Rc1
Rxa5 49. Kg1 Ra2 50. Kf1 Kg5 51. Rc4 Ra1+ 52. Ke2 Rg1 53. Kf3 h4 54. Rc8 Rf1+ 55.
Ke2 Rf2+ 56. Ke1 Rxg2 57. Kf1 h3 58. Rh8 Kg4 59. Rg8+ Kf3 60. Rf8 f4 61. Re8 h2  0-1

[Event "British Chess Championships 2023: "]
[Site "The Venue, De Montfort University, 20 Western Boulevard, Leicester, LE2 7BU"]
[Date "2023.07.22"]
[Round "2"]
[Board "31"]
[White "Watkinson, Phil K"]
[Black "Brown, Chris"]
[Result "1-0"]
[WhiteElo "1633"]
[BlackElo "1477"]
[PlyCount "71"]
[EventDate "2023.07.21"]
[EventRounds "5"]
[EventCountry "ENG"]

1. d4 d5 2. c4 e6 3. Nc3 Nf6 4. Bg5 Nbd7 5. e3 c6 6. Nf3 Qa5 7. cxd5 exd5 8. Bd3
Be7 9. O-O O-O 10. e4 dxe4 11. Nxe4 Re8 12. Ng3 h6 13. Bd2 Qc7 14. Rc1 Nd5 15. Bb1
N7f6 16. Ne5 Be6 17. a3 Rad8 18. f4 Qb6 19. Bc3 Ne3 20. Qe2 Nxf1 21. Rxf1 Bf8 22.
Kh1 Bc8 23. Qd2 Qc7 24. Ba2 Be6 25. Bb1 Qc8 26. Rc1 Bd6 27. Qd3 Bf8 28. Ba5 Qb8 29.
Bxd8 Rxd8 30. Nh5 Be7 31. Nxf6+ Bxf6 32. Qh7+ Kf8 33. f5 Bxe5 34. dxe5 Bd5 35. f6
Qxe5 36. Qh8#  1-0

[Event "British Chess Championships 2023: "]
[Site "The Venue, De Montfort University, 20 Western Boulevard, Leicester, LE2 7BU"]
[Date "2023.07.22"]
[Round "2"]
[Board "32"]
[White "Hughes, Sam"]
[Black "Blin, Henri"]
[Result "1-0"]
[WhiteElo "1601"]
[BlackElo "1464"]
[PlyCount "43"]
[EventDate "2023.07.21"]
[EventRounds "5"]
[EventCountry "ENG"]

1. d4 Nf6 2. Nf3 e6 3. g3 Be7 4. c4 d5 5. Bg2 O-O 6. O-O c5 7. dxc5 Bxc5 8. cxd5
Nxd5 9. Qc2 Qb6 10. a3 Nc6 11. e3 a5 12. Bd2 f6 13. Nc3 Nxc3 14. Bxc3 e5 15. Nh4
Be6 16. Be4 Ne7 17. Bxh7+ Kh8 18. Bg6 Bh3 19. Rfd1 Bg4 20. Rd2 Rac8 21. Qe4 Rc7 22.
Qxg4  1-0

[Event "British Chess Championships 2023: "]
[Site "The Venue, De Montfort University, 20 Western Boulevard, Leicester, LE2 7BU"]
[Date "2023.07.22"]
[Round "2"]
[Board "33"]
[White "Coles, Rob"]
[Black "Smithson, Sean"]
[Result "0-1"]
[WhiteElo "1600"]
[BlackElo "1301"]
[PlyCount "62"]
[EventDate "2023.07.21"]
[EventRounds "5"]
[EventCountry "ENG"]

1. d4 Nf6 2. c4 g6 3. Nc3 Bg7 4. Bf4 O-O 5. Nf3 d6 6. e3 Nfd7 7. Be2 e5 8. Bg3 Nc6
9. a3 f5 10. O-O e4 11. Ne1 g5 12. h3 Nf6 13. Nc2 Qe8 14. Qd2 h5 15. Rfd1 h4 16.
d5 Ne7 17. Bh2 g4 18. hxg4 fxg4 19. Bf4 h3 20. g3 Qg6 21. Nd4 Nh7 22. Ndb5 Ng5 23.
Bxg5 Qxg5 24. Nxc7 Ng6 25. Nxa8 Ne5 26. Nc7 Nf3+ 27. Bxf3 gxf3 28. Ne6 h2+ 29. Kh1
Qg4 30. Nf4 Rxf4 31. Ne2 Rf6  0-1

[Event "British Chess Championships 2023: "]
[Site "The Venue, De Montfort University, 20 Western Boulevard, Leicester, LE2 7BU"]
[Date "2023.07.22"]
[Round "2"]
[Board "34"]
[White "Mehrgan, Mehrsam"]
[Black "Gorskovs, Andrejs"]
[Result "0-1"]
[WhiteElo "1118"]
[BlackElo "1599"]
[PlyCount "44"]
[EventDate "2023.07.21"]
[EventRounds "5"]
[EventCountry "ENG"]

1. Nf3 Nf6 2. d4 e6 3. c4 d5 4. Nc3 Bb4 5. Bg5 Nbd7 6. e3 h6 7. Bh4 c5 8. Bd3 Qa5
9. Qc1 dxc4 10. Bxc4 Ne4 11. O-O Nxc3 12. bxc3 Bxc3 13. Rb1 cxd4 14. exd4 Bb4 15.
Qb2 Bd6 16. Qb3 Nb6 17. Bb5+ Kf8 18. Ne5 Qa3 19. Qc2 Be7 20. Rb3 Qd6 21. Nxf7 Kxf7
22. Rf3+ Bf6  0-1

[Event "British Chess Championships 2023: "]
[Site "The Venue, De Montfort University, 20 Western Boulevard, Leicester, LE2 7BU"]
[Date "2023.07.22"]
[Round "3"]
[Board "1"]
[White "Gunarathne, Senith"]
[Black "Railwani, Tavish"]
[Result "0-1"]
[WhiteElo "1739"]
[BlackElo "1636"]
[PlyCount "64"]
[EventDate "2023.07.21"]
[EventRounds "5"]
[EventCountry "ENG"]

1. e4 e6 2. d4 d5 3. exd5 exd5 4. c4 c6 5. Nf3 Bd6 6. Bd3 Nf6 7. Bg5 O-O 8. O-O Bg4
9. h3 Bh5 10. cxd5 cxd5 11. Nc3 Be7 12. Bc2 Nc6 13. Qd3 Nb4 14. Qd2 Nxc2 15. Qxc2
Bxf3 16. gxf3 Rc8 17. Qf5 h6 18. Bxf6 Bxf6 19. Qxd5 Qb6 20. Qe4 Qxb2 21. Nd5 Rc6
22. Rab1 Qd2 23. Rxb7 Re6 24. Nxf6+ Rxf6 25. Rxa7 Qg5+ 26. Qg4 Qd5 27. Qe4 Qh5 28.
Ra3 Qxh3 29. Qg4 Rg6 30. Qxg6 fxg6 31. f4 Qxa3 32. Rd1 Rxf4  0-1

[Event "British Chess Championships 2023: "]
[Site "The Venue, De Montfort University, 20 Western Boulevard, Leicester, LE2 7BU"]
[Date "2023.07.22"]
[Round "3"]
[Board "2"]
[White "Riggs, Samuel"]
[Black "Acibar, Arnold"]
[Result "0-1"]
[WhiteElo "1630"]
[BlackElo "1722"]
[PlyCount "100"]
[EventDate "2023.07.21"]
[EventRounds "5"]
[EventCountry "ENG"]

1. e4 e5 2. Nf3 Nc6 3. Nc3 Nf6 4. d4 exd4 5. Nxd4 Nxd4 6. Qxd4 d6 7. Be3 Be6 8. O-O-O
a6 9. f3 b5 10. g4 c5 11. Qd2 b4 12. Nd5 Nxd5 13. exd5 Bd7 14. Bg5 f6 15. Re1+ Kf7
16. Bh4 Bb5 17. Qe3 Qd7 18. g5 h6 19. Qe6+ Qxe6 20. dxe6+ Ke7 21. gxf6+ gxf6 22.
f4 Rg8 23. f5 Bc6 24. Bh3 Bxh1 25. Rxh1 h5 26. Rd1 Bh6+ 27. Kb1 Bf4 28. c3 bxc3 29.
bxc3 Bxh2 30. Rd3 Rab8+ 31. Kc2 Bf4 32. Rf3 Bg5 33. Bg3 h4 34. Bh2 Rb7 35. Rd3 Rb6
36. c4 Rgb8 37. Kc3 Bc1 38. Bg4 Bb2+ 39. Kc2 Rg8 40. Bh3 Bd4 41. Rb3 Rxb3 42. axb3
Be5 43. Bxe5 fxe5 44. Bf1 Rg3 45. Kb2 h3 46. b4 h2 47. bxc5 dxc5 48. Bh3 h1=Q 49.
f6+ Kxf6 50. e7 Qh2+  0-1

[Event "British Chess Championships 2023: "]
[Site "The Venue, De Montfort University, 20 Western Boulevard, Leicester, LE2 7BU"]
[Date "2023.07.22"]
[Round "3"]
[Board "3"]
[White "Agnihotri, Aaryan"]
[Black "Ganti, Shriaansh"]
[Result "1/2-1/2"]
[WhiteElo "1564"]
[BlackElo "1689"]
[PlyCount "127"]
[EventDate "2023.07.21"]
[EventRounds "5"]
[EventCountry "ENG"]

1. e4 c5 2. Nf3 Nc6 3. d4 cxd4 4. Nxd4 Nf6 5. Nc3 d6 6. Bb5 Bd7 7. O-O g6 8. h3 Bg7
9. Re1 O-O 10. Nf3 a6 11. Bc4 Rc8 12. Nd5 Nxd5 13. Bxd5 Qc7 14. c3 Ne5 15. Nxe5 Bxe5
16. Bh6 Bg7 17. Bxg7 Kxg7 18. Qf3 Bc6 19. Qg3 Qb6 20. Rab1 e5 21. Qg5 Bxd5 22. exd5
Rc7 23. Qg3 Rfc8 24. Kh1 Qa5 25. f4 exf4 26. Qxf4 Qxd5 27. Rbd1 Qxa2 28. Rxd6 Qc4
29. Qf6+ Kg8 30. Red1 Rf8 31. h4 Qe2 32. R1d5 Qe7 33. Qxe7 Rxe7 34. Rd7 Rfe8 35.
Rxe7 Rxe7 36. Kg1 Re2 37. b4 Rc2 38. Rc5 Kg7 39. Kh2 f5 40. Rc7+ Kh6 41. c4 b6 42.
c5 bxc5 43. Rxc5 Rb2 44. Rc4 Rb3 45. g4 fxg4 46. Rxg4 Kh5 47. Rc4 h6 48. Kg2 g5 49.
hxg5 hxg5 50. Kh2 g4 51. Rc5+ Kh4 52. Rc6 Rxb4 53. Rh6+ Kg5 54. Rxa6 Rb2+ 55. Kg3
Rb3+ 56. Kg2 Rh3 57. Ra5+ Kh4 58. Ra8 Rg3+ 59. Kh2 Rf3 60. Rh8+ Kg5 61. Rg8+ Kf4
62. Kg2 Ra3 63. Rf8+ Kg5 64. Rg8+  1/2-1/2

[Event "British Chess Championships 2023: "]
[Site "The Venue, De Montfort University, 20 Western Boulevard, Leicester, LE2 7BU"]
[Date "2023.07.22"]
[Round "3"]
[Board "4"]
[White "Schmerwitz, Reinhard"]
[Black "Agnihotri, Akaash"]
[Result "1-0"]
[WhiteElo "1683"]
[BlackElo "1493"]
[PlyCount "75"]
[EventDate "2023.07.21"]
[EventRounds "5"]
[EventCountry "ENG"]

1. e4 c6 2. d4 d5 3. Nd2 dxe4 4. Nxe4 Nf6 5. Nxf6+ exf6 6. c3 Bf5 7. Bd3 Bxd3 8.
Qxd3 Nd7 9. Ne2 Bd6 10. Bf4 Bxf4 11. Nxf4 O-O 12. O-O Qb6 13. b3 Rad8 14. Qg3 Qa5
15. Rfd1 Nb6 16. c4 Qg5 17. Kf1 Rfe8 18. Rd3 Re4 19. Qxg5 fxg5 20. Ne2 Rde8 21. Rd2
Rh4 22. h3 g4 23. Ng1 gxh3 24. Nxh3 g6 25. Re1 Rxe1+ 26. Kxe1 Re4+ 27. Kf1 a5 28.
f3 Re6 29. Kf2 Kg7 30. Ng5 Re7 31. Ne4 Nd7 32. d5 cxd5 33. Rxd5 b6 34. Rd6 h6 35.
Nc3 Nc5 36. Nd5 Nd3+ 37. Kg3 Nc1 38. Nxe7  1-0

[Event "British Chess Championships 2023: "]
[Site "The Venue, De Montfort University, 20 Western Boulevard, Leicester, LE2 7BU"]
[Date "2023.07.22"]
[Round "3"]
[Board "6"]
[White "Veeturi, Yashvardhan"]
[Black "London, Nick J"]
[Result "1-0"]
[WhiteElo "1628"]
[BlackElo "1722"]
[PlyCount "94"]
[EventDate "2023.07.21"]
[EventRounds "5"]
[EventCountry "ENG"]

1. e4 c5 2. Nc3 e6 3. g3 Nc6 4. Bg2 g6 5. d3 Bg7 6. Be3 d6 7. Qd2 Rb8 8. Nge2 Nd4
9. Nc1 b5 10. Nd1 b4 11. O-O e5 12. f4 Ne7 13. fxe5 dxe5 14. c3 Ne6 15. cxb4 cxb4
16. Bxa7 Rb7 17. Be3 Nc6 18. Nb3 h5 19. h4 Rd7 20. Qf2 O-O 21. Bb6 Qe8 22. Nc5 Nxc5
23. Bxc5 Rxd3 24. Bxf8 Qxf8 25. Rc1 Nd4 26. Ne3 Ba6 27. Kh2 Bh6 28. Rfe1 f5 29. Bf1
f4 30. Bxd3 fxg3+ 31. Kxg3 Bf4+ 32. Kg2 Bxd3 33. Rcd1 Bxe4+ 34. Kf1 Qc8 35. Rxd4
exd4 36. Qxf4 Qh3+ 37. Ke2 Qxe3+ 38. Qxe3 dxe3 39. Kxe3 Bd5 40. a4 bxa3 41. bxa3
Kg7 42. a4 Kh6 43. Kf4 g5+ 44. hxg5+ Kg6 45. a5 h4 46. Kg4 h3 47. Kxh3 Kxg5  1-0

[Event "British Chess Championships 2023: "]
[Site "The Venue, De Montfort University, 20 Western Boulevard, Leicester, LE2 7BU"]
[Date "2023.07.22"]
[Round "3"]
[Board "7"]
[White "Hayes, Solomon"]
[Black "Lawrence, Simon"]
[Result "1-0"]
[WhiteElo "1613"]
[BlackElo "1678"]
[PlyCount "143"]
[EventDate "2023.07.21"]
[EventRounds "5"]
[EventCountry "ENG"]

1. e4 e6 2. d4 d5 3. Nd2 Nf6 4. e5 Nfd7 5. Bd3 c5 6. c3 Nc6 7. Ne2 Qb6 8. Nf3 cxd4
9. cxd4 Be7 10. O-O Nf8 11. a3 Bd7 12. Be3 Ng6 13. Qd2 Na5 14. Nc1 Rc8 15. b4 Nc4
16. Bxc4 Rxc4 17. Nd3 O-O 18. Rfc1 Rfc8 19. Nc5 Rxc1+ 20. Rxc1 Bc6 21. Bg5 Qd8 22.
Bxe7 Qxe7 23. g3 b6 24. Nd3 Qd7 25. h4 h6 26. h5 Nf8 27. Nh4 Bb5 28. Nf4 Rxc1+ 29.
Qxc1 Qc6 30. Qe3 Qd7 31. Kh2 Qe7 32. Nh3 Bf1 33. f4 Bxh3 34. Kxh3 Qc7 35. g4 Qc2
36. f5 exf5 37. gxf5 Nh7 38. Nf3 Qxf5+ 39. Kg2 Ng5 40. Nxg5 hxg5 41. Kg3 g4 42. Kh4
Kh7 43. Qg3 g5+ 44. hxg6+ fxg6 45. Qxg4 Qf2+ 46. Kg5 Qe3+ 47. Kf6 Qf2+ 48. Ke6 Kg7
49. Kxd5 Qa2+ 50. Kd6 Qxa3 51. Qd7+ Kh6 52. Qb5 Qg3 53. Qd5 Qf4 54. Kc6 g5 55. Qd6+
Kh5 56. e6 Qe4+ 57. Kd7 Qb7+ 58. Kd8 Qa8+ 59. Kc7 a5 60. Qxb6 axb4 61. Qxb4 Qa7+
62. Kd6 Qa6+ 63. Kd5 Qa8+ 64. Ke5 Qh8+ 65. Ke4 Qf6 66. Qd6 g4 67. Qe5+ Qxe5+ 68.
Kxe5 g3 69. e7 g2 70. e8=Q+ Kh4 71. Qh8+ Kg3 72. Qg7+  1-0

[Event "British Chess Championships 2023: "]
[Site "The Venue, De Montfort University, 20 Western Boulevard, Leicester, LE2 7BU"]
[Date "2023.07.22"]
[Round "3"]
[Board "8"]
[White "Vaddhireddy, Sai"]
[Black "Pride, Stephen C"]
[Result "1/2-1/2"]
[WhiteElo "1657"]
[BlackElo "1584"]
[PlyCount "71"]
[EventDate "2023.07.21"]
[EventRounds "5"]
[EventCountry "ENG"]

1. d4 d5 2. c4 c6 3. cxd5 cxd5 4. Bf4 Nf6 5. e3 Nc6 6. Nc3 a6 7. Bd3 e6 8. h3 Bd6
9. Bxd6 Qxd6 10. Nf3 Bd7 11. Rc1 Rc8 12. O-O O-O 13. Bb1 h6 14. Na4 Ne7 15. Nc5 Bc6
16. a3 Nd7 17. Nxd7 Bxd7 18. Ne5 Rxc1 19. Qxc1 Rc8 20. Qd2 f6 21. Nxd7 Qxd7 22. Rc1
Rxc1+ 23. Qxc1 Qc6 24. Qc5 Kf7 25. Kf1 b6 26. Qxc6 Nxc6 27. Bd3 b5 28. a4 Na7 29.
Ke2 Ke7 30. Kd2 Kd6 31. Kc3 Kc6 32. b4 Kb6 33. a5+ Kc7 34. f3 Nc6 35. e4 Kd6 36.
Be2  1/2-1/2

[Event "British Chess Championships 2023: "]
[Site "The Venue, De Montfort University, 20 Western Boulevard, Leicester, LE2 7BU"]
[Date "2023.07.22"]
[Round "3"]
[Board "9"]
[White "Kent, Rowan"]
[Black "Collins, Nigel"]
[Result "1/2-1/2"]
[WhiteElo "1650"]
[BlackElo "1496"]
[PlyCount "38"]
[EventDate "2023.07.21"]
[EventRounds "5"]
[EventCountry "ENG"]

1. e4 c5 2. Nf3 d6 3. d4 cxd4 4. Nxd4 Nf6 5. Nc3 a6 6. Be2 e5 7. Nb3 Be7 8. Be3 Be6
9. Bf3 Nbd7 10. Nd5 Rc8 11. O-O Nxd5 12. exd5 Bf5 13. Rc1 Bg5 14. Bg4 Bxe3 15. fxe3
Bxg4 16. Qxg4 O-O 17. e4 Nf6 18. Qe2 Qb6+ 19. Kh1 Qb4  1/2-1/2

[Event "British Chess Championships 2023: "]
[Site "The Venue, De Montfort University, 20 Western Boulevard, Leicester, LE2 7BU"]
[Date "2023.07.22"]
[Round "3"]
[Board "10"]
[White "Woodhouse, Byron"]
[Black "Belur, Ankita"]
[Result "0-1"]
[WhiteElo "1637"]
[BlackElo "1479"]
[PlyCount "54"]
[EventDate "2023.07.21"]
[EventRounds "5"]
[EventCountry "ENG"]

1. h3 d6 2. a3 Nf6 3. Nf3 g6 4. d4 Bg7 5. c4 O-O 6. Nc3 Nbd7 7. Bf4 Re8 8. e3 c6
9. Rc1 a6 10. Bd3 b5 11. O-O Bb7 12. Qb3 Qb6 13. Rfd1 e5 14. c5 dxc5 15. dxe5 c4
16. Bxc4 bxc4 17. Qxc4 Nd5 18. Nxd5 cxd5 19. Rxd5 Bxd5 20. Qxd5 Qb5 21. Qd6 Qxb2
22. Rc7 Nxe5 23. Ng5 h6 24. Ne4 Rad8 25. Nf6+ Bxf6 26. Qxf6 Nf3+ 27. Kh1 Rd1#  0-1

[Event "British Chess Championships 2023: "]
[Site "The Venue, De Montfort University, 20 Western Boulevard, Leicester, LE2 7BU"]
[Date "2023.07.22"]
[Round "3"]
[Board "11"]
[White "Gupta, Leonardo"]
[Black "Lambert, Martin"]
[Result "1/2-1/2"]
[WhiteElo "1474"]
[BlackElo "1694"]
[PlyCount "71"]
[EventDate "2023.07.21"]
[EventRounds "5"]
[EventCountry "ENG"]

1. e4 c5 2. Nc3 Nc6 3. f4 g6 4. Nf3 Bg7 5. Bc4 e6 6. d3 Nge7 7. O-O a6 8. Bb3 Na5
9. Ne2 Nxb3 10. axb3 O-O 11. Ng3 d5 12. Qe2 b6 13. e5 Nc6 14. Be3 Bd7 15. d4 cxd4
16. Nxd4 b5 17. Nxc6 Bxc6 18. Rfd1 Qc7 19. Bc5 Rfc8 20. Nf1 Bh6 21. Qg4 Bb7 22. b4
a5 23. c3 axb4 24. Bxb4 Qc4 25. Rxa8 Rxa8 26. Rd4 Qb3 27. Ba3 Bf8 28. Bxf8 Kxf8 29.
Rb4 Qc2 30. Qf3 Ra1 31. Qf2 Qd3 32. Rd4 Qb1 33. f5 gxf5 34. Rf4 Ba6 35. Qb6 b4 36.
Qd8+  1/2-1/2